Электронная коммерция; Энергия молодых - экономике России; Ч. 2

Bibliografiske detaljer
Parent link:Энергия молодых - экономике России: труды VI Всероссийской научно-практической конференции студентов и молодых ученых, Томск, 19-22 апреля 2005 г./ Томский политехнический университет; Вольное экономическое общество России.— , 2005-
Ч. 2.— 2005.— С. 40-42
Hovedforfatter: Бородин П. В.
Andre forfattere: Поталицина Л. М.
Sprog:russisk
Udgivet: 2005
Fag:
Format: Book Chapter
KOHA link:https://koha.lib.tpu.ru/cgi-bin/koha/opac-detail.pl?biblionumber=140997

MARC

LEADER 00000naa2a2200000 4500
001 140997
005 20231031142314.0
035 |a (RuTPU)RU\TPU\book\152773 
090 |a 140997 
100 |a 20080718d2005 k y0rusy50 ca 
101 0 |a rus 
102 |a RU 
200 1 |a Электронная коммерция  |f П. В. Бородин, Л. М. Поталицина 
320 |a Библиогр.: 3 назв. 
461 1 |0 (RuTPU)RU\TPU\book\107328  |t Энергия молодых - экономике России  |o труды VI Всероссийской научно-практической конференции студентов и молодых ученых, Томск, 19-22 апреля 2005 г.  |o в 2 ч.  |f Томский политехнический университет; Вольное экономическое общество России  |d 2005- 
463 0 |0 (RuTPU)RU\TPU\book\73345  |t Ч. 2  |v С. 40-42  |d 2005 
610 1 |a бизнес 
610 1 |a Интернет 
610 1 |a электронная коммерция 
610 1 |a труды учёных ТПУ 
700 1 |a Бородин  |b П. В. 
701 1 |a Поталицина  |b Л. М. 
801 1 |a RU  |b 63413507  |c 20080718  |g PSBO 
801 2 |a RU  |b 63413507  |c 20161003  |g RCR 
942 |c BK